Statistiques concernant Trouver les intrus en 60 secondes #15

Cliquez ici pour prendre le quiz!

Statistiques générales

  • Ce quiz a été pris 128 fois
  • Le résultat moyen est 3 sur 6

Statistiques - réponses

Réponse% Correct
Signataire de la Déclaration d'Indépendance des USA
100%
Henry Clinton
47%
Benedict Arnold
42%
Horatio Nelson
42%
Thomas Paine
40%
George Washington
32%

Distribution des résultats

Percentile par nombre de réponses

% des personnes avec chaque résultat

Votre développement - résultats

Vous n’avez pas pris ce quiz